00516nam a2200157Ia 4500008004100000041000800041082001400049100001900063245004400082250001400126260003500140300003100175365000900206999001700215952012600232240624s9999 xx 000 0 und d aeng a005.1 DEN aAHERN DENNIS M aCMMI DISTILLED A PRACTICAL INTRODUCTION a(3rd ed.) c2008aNew YorkbAddison Wesley axii, : 263 : p. : cm. ; 23 cb30 c11415d11415 00104070aIMTNbIMTNcRack 2-Ad2008-10-20eIBHg39.99n1721o005.1 DENp11415r2024-06-24 00:00:00t48w2024-06-24yBK